Central Library OPAC University of Rajshahi

ছড়ায় ছড়ায় / (Record no. 64189)

MARC details
000 -LEADER
fixed length control field 00832nam a2200229 a 4500
001 - CONTROL NUMBER
control field 64189
003 - CONTROL NUMBER IDENTIFIER
rucl marc code BD-RjUL
005 - DATE AND TIME OF LATEST TRANSACTION
control field 20211209081259.0
008 - FIXED-LENGTH DATA ELEMENTS--GENERAL INFORMATION
fixed length control field 170209s2004 bg a|||| |||| 00| p ben d
020 ## - INTERNATIONAL STANDARD BOOK NUMBER
International Standard Book Number 9843219311
Terms of availability : Tk. 100.00
035 ## - SYSTEM CONTROL NUMBER
System control number (BD-RjUL)64319
040 ## - CATALOGING SOURCE
Original cataloging agency BD-RjUL
Language of cataloging ben
Transcribing agency BD-RjUL
Modifying agency BD-RjUL
041 ## - LANGUAGE CODE
Language code of text/sound track or separate title ben
082 ## - DEWEY DECIMAL CLASSIFICATION NUMBER
Edition number 23
Classification number 891.441
Author mark and year CHC 2004
100 ## - MAIN ENTRY--PERSONAL NAME
Personal name চৌধুরী, মাহবুব উল আলম
9 (RLIN) 188670
245 10 - TITLE STATEMENT
Title ছড়ায় ছড়ায় /
Statement of responsibility, etc. মাহবুব উল আলম চৌধুরী
260 ## - PUBLICATION, DISTRIBUTION, ETC. (IMPRINT)
Place of publication, distribution, etc. ঢাকা :
Name of publisher, distributor, etc. সীমান্ত প্রকাশন,
Date of publication, distribution, etc. ২০০৪
300 ## - PHYSICAL DESCRIPTION
Pagination ৩২ পৃ. :
Illustrations চিত্র ;
Size ২৪ সেমি.
650 ## - SUBJECT ADDED ENTRY--TOPICAL TERM
Topical term or geographic name as entry element বাংলা কবিতা
9 (RLIN) 179513
Topical term or geographic name as entry element Bengali Poetry
9 (RLIN) 179514
942 ## - ADDED ENTRY ELEMENTS (KOHA)
Source of classification or shelving scheme Dewey Decimal Classification
Koha item type Books
Holdings
Lost status Source of classification or shelving scheme Damaged status Not for loan Collection code Permanent Location Current Location Shelving location Date acquired Source of acquisition Cost, normal purchase price Total Checkouts Full call number Date last seen Copy number Koha item type
  Dewey Decimal Classification   Not For Loan Non-fiction Central Library, University of Rajshahi Central Library, University of Rajshahi Reading Room 11/01/2009 Sawkat Ara Rahman 100.00   B 891.441 CHC 2004 09/02/2017 C-1 Books